Rizikové faktory ovlivňující příchod zanedbávaných dětí do dětského centra

Autori sa venujú problematike zanedbávania detí, následne spomínajú rizikové faktory zanedbávania detí a protektívne faktory zanedbávania detí.

Guardado en:
Detalles Bibliográficos
Autor principal: Taušek, Terezie
Otros Autores: Urban, David
Formato: Capítulo de libro
Lenguaje:checo
Materias:
Etiquetas: Agregar Etiqueta
Sin Etiquetas, Sea el primero en etiquetar este registro!

MARC

LEADER 00000naa a2200000 4500
001 0312506
005 20250929102627.6
041 0 |a cze 
044 |a CZ 
245 1 0 |a Rizikové faktory ovlivňující příchod zanedbávaných dětí do dětského centra  |c Terezie Taušek, David Urban 
520 |a Autori sa venujú problematike zanedbávania detí, následne spomínajú rizikové faktory zanedbávania detí a protektívne faktory zanedbávania detí. 
610 2 0 |a deti 
610 2 0 |a starostlivosť o deti 
610 2 0 |a výchova 
610 2 0 |a starostlivosť sociálna 
610 2 0 |a kvalita života 
100 1 |a Taušek, Terezie 
700 1 |a Urban, David